| 000 | 00375nam a22001457a 4500 | ||
|---|---|---|---|
| 020 | _a9788119443376 | ||
| 082 |
_aM 494.812 _bREG/M |
||
| 100 | _aReghunathan Nair A.B. | ||
| 245 |
_aMalayalapperuma/ _cby Reghunathan Nair A.B. |
||
| 260 |
_aKozhikode: _bPavanatma Publishers, _c2024. |
||
| 300 | _a331p. | ||
| 650 | _aLanguage Malayalam | ||
| 650 | _aLanguage | ||
| 942 | _cBK | ||
| 999 |
_c181999 _d181999 |
||